O grande lagarto da pedra azul (Registo nº 5324)
[ vista simples ]
| 000 -Etiqueta do registo | |
|---|---|
| Valores | 00622nam a22001691i 4500 |
| 090 ## - | |
| -- | 5324 |
| 100 ## - Dados gerais de processamento | |
| Dados gerais | 20170304u u u0frey50 ba |
| 101 0# - Língua de publicação | |
| -- | por |
| 200 1# - Titulo e menção de responsabilidade | |
| Primeira menção de responsabilidade | Papiniano Carlos |
| Título próprio | O grande lagarto da pedra azul |
| 215 ## - Descrição física | |
| Paginação / Volumes | [42] p. |
| Outras indicações físicas | il. |
| Dimensões | 19x21 cm |
| 210 ## - Publicação | |
| Nome do editor | Caminho |
| Local de publicação | Lisboa |
| Data de publicação | imp. 1986 |
| 702 #1 - Autor secundário (pessoa individual) | |
| Apelido | Cayatte |
| Nome | Henrique |
| -- | 440 |
| Datas | 1957- |
| 700 #1 - Autor principal (pessoa individual) | |
| Apelido | Carlos |
| Nome | Papiniano |
| -- | 070 |
| 996 ## - ISO2709 | |
| -- | 0005794 |
| -- | CAR |
| -- | 00000000 |
| -- | 00000000 |
| -- | BMVA |
| -- | 1 |
| -- | Viana do Alentejo |
| -- | Literatura Infantil |
| -- | 35 |
| -- | Livro |
| -- | 0 |
| -- | 1 |
| 996 ## - ISO2709 | |
| -- | 0018543 |
| -- | CAR Inf |
| -- | 00000000 |
| -- | 00000000 |
| -- | BMVAAL |
| -- | 3 |
| -- | Alcáçovas |
| -- | Literatura Infantil |
| -- | 35 |
| -- | Livro |
| -- | 0 |
| -- | 1 |
| 990 ## - Elementos KOHA | |
| Tipo de documento | Livro |
| Situação do levantamento | Estado | Biblioteca de origem | Biblioteca de empréstimo | Código de barras | Cota | Permissão de empréstimo | Tipo de documento | Nota relativa ao exemplar |
|---|---|---|---|---|---|---|---|---|
| Completo | Biblioteca Municipal de Viana Do Alentejo | Biblioteca Municipal de Viana Do Alentejo | 0007507 | 8 CAR | Disponível | Livro | ||
| Completo | Biblioteca Municipal de Viana Do Alentejo Pólo Alcáçovas | Biblioteca Municipal de Viana Do Alentejo Pólo Alcáçovas | 0001363AL | 8 CAR | Disponível | Livro | 6-10 anos |